00200nam a2200073Ia 4500082002200000245003800022100002500060008004100085 a352.42140968 FOUR 0aMunicipal finance and accounting  a FOURIE, Mare-Lise 210825s9999 xx 000 0 und d